000 01105nam a22003857a 4500
001 0013975
003 KOHA_MİRAKIL
005 20260207001938.0
007 ta
008 100223b1999 tu |||gr||||#0|||1|tur |
020 _a975381240X
040 _aTR-BiSEU
_btur
_cTR-BiSEU
_erda
041 0 _atur
044 _ctu
050 _aPL248.S24
_bM57 1999
100 1 _aSafa, Peyami.
245 1 _aMişon'un definesi/
_cPeyami Safa ; Peyami Safa.
264 1 _aİstanbul :
_bDamla Yayınevi
_c1999
300 _a144 sayfa: resimli; 19 cm.
336 _ametin
_btxt
_2rdacontent
337 _aaracısız
_bn
_2rdamedia
338 _acilt
_bnc
_2rdacarrier
490 1 _aDamla Yayınevi ;
_vnu.
490 1 _a10.
490 1 _aPeyami Safa Çocuk-Gençlik Klasikleri ;
_vnu.
490 1 _a8.
650 0 _aTürk edebiyatı--roman.
_97421
650 0 _aTurkish literature--novel.
_914082
830 1 _aDamla Yayınevi ;
_vnu.
_930353
830 1 _a10.
_96678
830 1 _aPeyami Safa Çocuk-Gençlik Klasikleri ;
_vnu.
_931945
830 1 _a8.
_99952
907 _aRoman
942 _2lcc
_cBK
999 _c13938
_d13938